Т. 8: Сварочные материалы для АЭС; Свойства конструкционных материалов атомной промышленности

Bibliographische Detailangaben
Parent link:Свойства конструкционных материалов атомной промышленности: справочник/ под ред. В. В. Козлова, С. В. Стрелкова. Т. 8: Сварочные материалы для АЭС.— , 2006-2009
Weitere Verfasser: Каширский Ю. В., Дегтярев А. Ф., Козлов В. В., Стрелков С. В.
Zusammenfassung:Сборник содержит сведения о более, чем 150 отечественных сварочных материалах (электродах, проволоках, флюсах) и примерно о таком же количестве иностранных марок, применяемых в атомной энергетике для сварки сталей и сплавов. В нем рассмотрены виды сварки и наплавки, классификация, характеристики и свойства сварочных материалов, используемых на АЭС, вопросы их термической обработки. Сборник является унифицированным по номенклатуре включенных в него материалов и использует опыт заводов отрасли, ГНЦ ЦНИИТМАШ и других научно-исследовательских институтов. Для сварочных материалов указаны характеристики, приводимые в соответствующих правилах и нормах атомной энергетики, включая назначение, химический состав, физико-механические свойства, режимы термообработки, описан комплекс технологических свойств. Кроме того, широко представлена информация об этих характеристиках из других источников. Даются сведения об использовании материалов в смежных отраслях, анализируются иностранные марки, близкие к отечественным по химическому составу, назначению, свойствам. Подробно приводятся требования и методы контроля процессов сварки, сварочных материалов, а также самих изделий.
Sprache:Russisch
Veröffentlicht: 2009
Schlagworte:
Format: MixedMaterials Buch
KOHA link:https://koha.lib.tpu.ru/cgi-bin/koha/opac-detail.pl?biblionumber=172612

MARC

LEADER 00000nam2a2200000 4500
001 172612
005 20231101223037.0
010 |a 9785903005109 
035 |a (RuTPU)RU\TPU\book\187183 
090 |a 172612 
100 |a 20091215d2009 km y0rusy50 ca 
101 0 |a rus 
102 |a RU 
105 |a y g 001zy 
200 0 |a Т. 8: Сварочные материалы для АЭС  |f Ю. В. Каширский [и др.] 
210 |d 2009 
215 |a 314 с. 
320 |a Библиогр.: с. 312-313. 
330 |a Сборник содержит сведения о более, чем 150 отечественных сварочных материалах (электродах, проволоках, флюсах) и примерно о таком же количестве иностранных марок, применяемых в атомной энергетике для сварки сталей и сплавов. В нем рассмотрены виды сварки и наплавки, классификация, характеристики и свойства сварочных материалов, используемых на АЭС, вопросы их термической обработки. Сборник является унифицированным по номенклатуре включенных в него материалов и использует опыт заводов отрасли, ГНЦ ЦНИИТМАШ и других научно-исследовательских институтов. Для сварочных материалов указаны характеристики, приводимые в соответствующих правилах и нормах атомной энергетики, включая назначение, химический состав, физико-механические свойства, режимы термообработки, описан комплекс технологических свойств. Кроме того, широко представлена информация об этих характеристиках из других источников. Даются сведения об использовании материалов в смежных отраслях, анализируются иностранные марки, близкие к отечественным по химическому составу, назначению, свойствам. Подробно приводятся требования и методы контроля процессов сварки, сварочных материалов, а также самих изделий. 
461 1 |0 (RuTPU)RU\TPU\book\152211  |t Свойства конструкционных материалов атомной промышленности  |o справочник  |o в 8 т.  |f под ред. В. В. Козлова, С. В. Стрелкова  |v Т. 8: Сварочные материалы для АЭС  |d 2006-2009 
606 1 |a Атомные электростанции  |2 stltpush  |3 (RuTPU)RU\TPU\subj\29788  |9 53050 
610 1 |a АЭС 
610 1 |a атомные электрические станции 
610 1 |a сварочные материалы 
610 1 |a характеристика 
610 1 |a классификация 
610 1 |a маркировка 
610 1 |a сварка 
610 1 |a наплавка 
610 1 |a дефекты 
610 1 |a контроль 
610 1 |a термическая обработка 
610 1 |a наплавочные материалы 
610 1 |a качество 
610 1 |a отечественные материалы 
610 1 |a зарубежные материалы 
610 1 |a справочники 
675 |a 621.311.25:621.039(035)  |v 3 
701 1 |a Каширский  |b Ю. В. 
701 1 |a Дегтярев  |b А. Ф. 
701 1 |a Козлов  |b В. В. 
701 1 |a Стрелков  |b С. В. 
801 1 |a RU  |b 63413507  |c 20091215 
801 2 |a RU  |b 63413507  |c 20130315  |g RCR 
942 |c BK